| 000 | 01129nam a22002897i 4500 | ||
|---|---|---|---|
| 999 |
_c22758 _d22758 |
||
| 003 | AR-CdUCM | ||
| 008 | 240116b20202020pe ||||| |||| 00| 0 spa d | ||
| 020 | _a978-612-4392-37-5 | ||
| 040 |
_aMUNICIPALIDAD PROVINCIAL DEL CUSCO _cBIBLIOTECA MUNICIPAL DEL CUSCO |
||
| 041 | _hspa | ||
| 082 |
_a333.7 / J53 _bJ53 |
||
| 100 |
_aJiménez Manrique, María Teresa _949304 |
||
| 245 | _aBiodiversidad del Parque Arqueológico de Choquequirao / | ||
| 260 |
_aSan Jerónimo-Cusco : _bUniversidad Andina del Cusco, _c2020 |
||
| 300 |
_a163 páginas. : _c23 cm. |
||
| 505 | _aUbicación del Parque Arqueológico de Choquequirao -- Referencias etnohistóricas -- Zona de vida - Formaciones vegetales -- Especies endémicas -- Fauna ornitológica -- Fauna mastozoológica -- Fauna entomológica. | ||
| 650 |
_aChoquequirao _945874 |
||
| 650 |
_aGeodinámica _949305 |
||
| 650 |
_aEndémicas _949306 |
||
| 650 |
_aFlora _920658 |
||
| 650 |
_aFauna ornitológica. _949307 |
||
| 650 |
_aHerpetológica _949308 |
||
| 650 |
_aEntomológica. _949309 |
||
| 856 | _fwww.uanduna.edu.pe | ||
| 942 |
_2ddc _cLIBROS |
||
| 945 |
_apbj _d16-01-2024 |
||